Statistiques concernant Personnages de Shameless (US) par images

Cliquez ici pour prendre le quiz!

Statistiques générales

  • Ce quiz a été pris 232 fois
  • Le résultat moyen est 14 sur 20

Statistiques - réponses

Réponse% Correct
Fiona Gallagher
98%
Philip Gallagher
96%
Carl Gallagher
94%
Deborah Gallagher
92%
Francis Gallagher
91%
Ian Gallagher
91%
Liam Gallagher
85%
Mikhailo Milkovich
83%
Monica Gallagher
83%
Kevin Ball
81%
Veronica Fisher
78%
Steve Wilton / Jimmy Lishman
76%
Mandy Milkovich
61%
Karen Jackson
60%
Frances Harriet Gallagher
59%
Svetlana Yevgenivna
57%
Sheila Jackson
53%
Charles Slott
41%
Samantha Slott
41%
Sandy Milkovich
17%

Distribution des résultats

Percentile par nombre de réponses

% des personnes avec chaque résultat

Votre développement - résultats

Vous n’avez pas pris ce quiz